000 03409nam a22003857a 4500
999 _c21796
_d21796
003 AR-CdUCM
008 190425b ||||| |||| 00| 0 spa d
040 _aMUNICIPALIDAD PROVINCIAL DEL CUSCO
_cBIBLIOTECA MUNICIPAL DEL CUSCO
082 _aRev.IAAC/N°11/1963
110 _aInstituto Americano de Arte del Cuzco
_943770
245 _aRevista del Instituto Americano de Arte /
260 _aCusco :
_bH.G. Rozas,
_c1963.
300 _a471 páginas. :
_bilustraciones, laminas ;
_c24 cm.
440 _aRevista del Instituto Americano de Arte Cuzco.
_nAño XI, [?] semestre de 1963, N°11. Vol.[?]
_946138
500 _aNumero extraordinario en homenaje a las bodas de plata del IAAC. 1937-5 de octubre-1962
505 _aContenido: Instituto Americano de Arte 1937-5 de octubre -1963. -- Cuzco ubicación geo-cultural. Rafael Aguilar. -- Mecánica a sísmica en el orden arquitectónico incaico. Rafael Calderón Peñaylillo. -- El terremoto de 1650 en el Cuzco. Horacio Villanueva Urtega. -- La señorial casa de Hatunrumiyoc. Juan Antonio Casanova. -- Machu y Huayna Picchu. Julio Dávila Peña. -- Issicha Puytu. Jorge A. Lira. -- La danza de los K´achampas. Mario Alberto Gilt Contreras. -- El Yaraví. Consuelo Pagaza Galdo. -- Introducción al estudio de las relaciones culturales entre el Alto Perú y el Cuzco. Carlos G. Taborga. -- Los primeros periódicos editados en el Cuzco. Luis Felipe Paredes. -- El pintor virreinal Marcos Zapata y su circulo. José Mesa y Teresa Gisbert. -- Los pintores coloniales de la colonia. Teófilo Benavente. -- La obra pictórica de Agustín Rivero. Julio G. Gutiérrez. -- Antonio Sánchez Delgado, escultor. Carlos Ferdinand Cuadros. -- La obra de Francisco Becerra en las catedrales de Lima y Cuzco. Jorge Cornejo Bouroncle. -- La contribución de América a la hominización. Eugenio Choy. -- Sinopsis de la teoría del Derecho Interplanetario. Luis Felipe Paredes. -- Gonzalo Zaldumbide y su Égloga trágica. Luis Velazco Aragón. -- Apuntes sobre letrados cuzqueños semblanza de Humberto Pacheco. Eustaquio Kallata. -- Otro accidente de tránsito. Daniel Castillo. -- La barca aventurera. Margarita Mendizábal de Roel. -- Ccochaccarancca. Juana Fernández de Olivera. -- Wilcamayo. Martha Alicia de Fernan Zegarra. -- Sentencia. Renee Luna. -- K´antu. Delia Blanco de Valencia. -- Kkosko Mamá Sonkko. Humberto Mata. -- La tragedia del mestizaje. Rafael Aguilar Páez. -- Escuela de labriegos y ángeles poemas. Gustavo Pérez Ocampo. -- Viento de la puna. Luis Nieto Miranda. -- Escuela cusqueña de arte colonial la iglesia de Huaroc. José Uriel García. -- Homenaje a las bodas de plata del IAAC programa general.
650 _aTradiciones cusqueñas
_931110
650 _aLiteratura cusqueña
_946110
650 _aPoetas cusqueños
_95956
650 _aArte cusqueño
_913165
650 _aArquitectura cusqueña
_930237
650 _aPintura cusqueña
_97254
650 _aPintores cusqueños
_946139
650 _aPintura colonial
_946048
700 _aGutiérrez Loayza, Julio
_946116
700 _aNieto Mirando, Luis
_946131
700 _aCaballero Farfán, Policarpo
_913130
700 _aVillanueva Urteaga, Horacio
_95790
700 _aFuentes Lira, Mariano
_936631
700 _aCornejo Bouroncle, Jorge
_915278
700 _aDe Mesa, José
_946140
700 _aGisbert, Teresa
_91086
942 _2ddc
_cPP
945 _arac